000 00797nam a2200253 a 4500
001 60194
003 BD-RjUL
005 20211209080819.0
008 161229s1982 caua b 001 0 eng
020 _a0875895174
035 _a(BD-RjUL)60318
040 _aBD-RjUL
_cBD-RjUL
_dBD-RjUL
_beng
041 _aeng
082 0 0 _a362.0425
_223
_bWOR 1982
100 1 _aWolins, Martin.
_9179209
245 1 0 _aRevitalizing residential settings /
_cMartin Wolins, Yochanan Wozner.
260 _aSan Francisco :
_bJossey-Bass,
_cc1982.
300 _axx, 314 p. :
_bill. ;
_c24 cm.
504 _aBibliography: p. 275-298 and Includes indexes.
650 0 _aInstitutional care.
_9179210
650 0 _aPublic institutions
_xSocial aspects.
_9179211
700 1 _aWozner, Yochanan.
_9179212
942 _2ddc
_cBK
999 _c60194
_d60194